000 01030nam a2200253 4500
001 113578
003 ES-MaACL
005 20250723061838.0
007 t|
008 061121s1942 sp r ||||1| spa d
100 1 _aPacchioni, Giovanni.
_988109
245 1 0 _aManual de derecho romano /
_cGiovanni Pacchioni ; traducción de Isidoro Martín Martínez y Antonio Reverte Moreno.
260 _aValladolid :
_bSantarén,
_c1942.
300 _a2 v. ;
_c22 cm.
490 1 _aPublicaciones de la Asociación Cardenal Albornoz
505 8 _aContiene: I. Introducción histórica y derecho privado general y especial (461 p.) - II. Obligaciones y contratos y derecho de familia (397 p.)
650 7 _aDerecho romano
_2embne
_911764
700 1 _aMartín Martínez, Isidoro.
_977559
700 1 _aReverte Moreno, Antonio.
_996419
710 2 _aAsociación Cardenal Albornoz.
_91515
830 1 _aPublicaciones de la Asociación Cardenal Albornoz
_9233199
852 _aES-MaACL
_jG-944-45
999 _c113578
_d113578